000 00627nam a2200229Ia 4500
003 OSt
005 20221007070827.0
006 a|||||r|||| 00| 0
007 ta
008 221006b |||||||| |||| 00| 0 eng d
024 _a28,077
037 _cTextual
040 _aFLL
_cFLL
_beng
041 _2eng
_aeng
082 _aZ73:4, F6
100 _aBohlen Francis H.
_9687769
245 0 _aStudies in the law of torts
260 _aIndianapolis
_bThe Bobbs-Merrill Company Indianapolis
_c1926
300 _aviii,699p
_ccm.
942 _hZ73:4, F6
_cTEXL
_2CC
999 _c1141645
_d1141645